书目信息 |
| 题名: |
鲁迅选集
|
|
| 作者: | 鲁迅 著 ;曾彦修 主编 | |
| 分册: | ||
| 出版信息: | 成都 四川人民出版社 1983 |
|
| 页数: | 531页 | |
| 开本: | 21cm | |
| 丛书名: | ||
| 单 册: | ||
| 中图分类: | I210.2 | |
| 科图分类: | ||
| 主题词: | 鲁迅著作--选集 | |
| 电子资源: | ||
| ISBN: | ||
| 000 | 00688nam0 2200253 45 | |
| 001 | 0183007313 | |
| 005 | 20040413170350.8 | |
| 010 | @b精装@dCNY2.75 | |
| 091 | @aCN@b10118.710 | |
| 100 | @a19950509d1983 em y0chiy0121 ea | |
| 101 | 0 | @achi |
| 102 | @aCN@b510000 | |
| 105 | @af z 000zy | |
| 106 | @ar | |
| 200 | 10 | @a鲁迅选集@Alu xun xuan ji@f鲁迅著@g曾彦修主编 |
| 210 | @a成都@c四川人民出版社@d1983 | |
| 215 | @a531页@c照片@d21cm | |
| 606 | @a鲁迅著作@x选集 | |
| 690 | @aI210.2@v3 | |
| 701 | 0 | @a鲁迅@Alu xun@4著 |
| 702 | 0 | @a曾彦修@Azeng yan xiu@4主编 |
| 801 | 0 | @aCN@b上海图书馆@c20040413 |
| 801 | 2 | @aCN@bNLC@c20040413 |
| 905 | @f1@b149867@f5@b103781-785@dI210.2@e119:1 | |
| 鲁迅选集/鲁迅著/曾彦修主编.-成都:四川人民出版社,1983 |
| 531页:照片;21cm |
| ISBN (精装):CNY2.75 |
| ● |
| 相关链接 |
|
|
|
|
正题名:鲁迅选集
索取号:I210.2/119:1
 
预约/预借
| 序号 | 登录号 | 条形码 | 馆藏地/架位号 | 状态 | 备注 |
| 1 | 0103781 | 001405278 | 第二借阅区/ [索取号:I210.2/119:1] | 在馆 | |
| 2 | 0103782 | 001405269 | 第二借阅区/ [索取号:I210.2/119:1] | 在馆 | |
| 3 | 0103783 | 001405241 | 第二借阅区/ [索取号:I210.2/119:1] | 在馆 | |
| 4 | 0103784 | 001405250 | 第二借阅区/ [索取号:I210.2/119:1] | 在馆 | |
| 5 | 0103785 | 001405287 | 第二借阅区/ [索取号:I210.2/119:1] | 在馆 | |
| 6 | 0149867 | 001405296 | 第二借阅区/ [索取号:I210.2/119:1] | 在馆 | |
| 7 | 0149868 | 001405232 | 第一样本阅览室/ [索取号:I210.2/119:1] | 在馆 |